000 02009nam0a2200433 4500
001 RU\NLR\BIBL_A\011572204
005 20230623160935.0
010 _a978-5-209-11679-0
_9300
021 _aRU
_bКН-П-23-006797
_9КН-П-23-0655
035 _a(NLR Aleph) 016316019
035 _a(RuMoRGB)011572204
090 _a13017312
_c13017312
100 _a20230207d2022 u y0rusy50 ca
101 0 _arus
102 _aRU
105 _aag z 000zy
181 0 _ai
_baxxe
182 0 _an
200 1 _aВремена года. Урок литературной авторской сказки
_e[уроки русского языка и культуры]
_eучебное пособие
_fВ. В. Дронов, А. В. Тряпельников
203 _aТекст
_bвизуальный
_cнепосредственный
210 _aМосква
_cРоссийский университет дружбы народов
_d2022
215 _a63 с.
_cил., нот., цв. ил.
_d29
225 1 _aСказкина школа РУДН
225 1 _aСказкина школа
300 _aАвт. указаны на обороте тит. с.
606 1 _aРусский язык
_jУчебные издания
_xПреподавание
_xСредняя школа
_yРусское зарубежье
_92413564
_3RU\NLR\AUTH\6601656882
606 1 _aРусский язык
_jУчебные издания
_xПреподавание нерусским
_xСредняя школа
_92449061
_3RU\NLR\AUTH\661456273
675 _a373.3.016:811.161.1
_v4
686 1 _aЧ426.131(2)я7
686 1 _aЧ426.132я7
700 1 _aДронов
_bВ. В.
_gВладимир Васильевич
701 1 _aТряпельников
_bА. В.
_gАнатолий Викторович
801 0 _aRU
_bRuMoRKP
_c20230207
_gPSBO
801 1 _aRU
_bRuMoRGB
_c20230207
801 2 _aRU
_bRuMoRGB
_c20230210
_gPSBO
942 _cBOOK
980 _aNB